Inventario de las aves de un bosque altoandino: comparación de dos métodos (Registro nro. 14925)

Detalles MARC
000 -CABECERA
Campo de control 003520000a22001210004500
090 ## - CLASIFICACIÓN LOCAL
Colección AS
Consecutivo Seriadas
041 0# - IDIOMA
Código de idioma para texto/pista de sonido o título separado
100 1# - ASIENTO PRINCIPAL--NOMBRE PERSONAL
Nombre personal Stiles, F. Gary
245 10 - MENCION DE TITULO
Título Inventario de las aves de un bosque altoandino: comparación de dos métodos
700 1# - ASIENTO SECUNDARIO - NOMBRE PERSONAL
Nombre personal Rosselli, Loreta
773 1# - Item fuente:
Título Caldasia
Especificación de materiales 45
Descripción física 1
Paginas del Articulo 29-43
Lugar, editorial y fecha de publicación 1998
Información sobre la relación 20
942 ## - ELEMENTOS ADICIONALES (KOHA)
Tipo de ítem Artículo

No hay ítems disponibles.